000 00477nam a2200181Ia 4500
008 090123s9999 xx 000 0 und d
082 _b2138
100 _aपाठक सुरेश
245 _aसदाफुली
250 _a1
260 _bपाठक ग.रा.
300 _a83
600 _aपाठक सुरेश
630 _aसदाफुली
700 _aपाठक सुरेश
730 _aसदाफुली
942 _cBOOK
999 _c40222
_d40222